MSM Monsters on Bone Island - Statistics

General Stats
  • This quiz has been taken 130 times
    114 since last reset
  • The average score is 19 of 23
Answer Stats
Elements Monster % Correct
Earth Noggin
95%
Fire Kayna
92%
Water Toe Jammer
92%
Bone Clackula
91%
Earth, Water Fwog
91%
Earth, Fire Stogg
86%
Dipster Do
84%
Dipster Fa
84%
Dipster Sol
84%
Dipster La
83%
Dipster Mi
83%
Water, Fire Phangler
83%
Dipster Re
83%
Dipster Ti
81%
Earth, Bone Peckidna
75%
Water, Fire, Bone Banjaw
73%
Earth, Water, Fire, Bone Plinkajou
73%
Fire, Bone Hawlo
72%
Earth, Water, Fire Thrumble
72%
Earth, Fire, Bone Uuduk
72%
Earth, Water, Bone Withur
72%
Water, Bone Denchuhs
69%
Beat Hereafter Clavavera
63%
No matching quizzes found
Score Distribution
Percent of People with Each Score
Percentile by Number Answered
Your Score History
You have not taken this quiz since the last reset